00963cam a2200253 a 450000100100000000500170001000800410002702000150006804000290008308200170011210000300012924500780015926000520023730000210028949000440031050400470035465000320040165000440043383000510047791000340052804900090056295201210057199900170069200001401620200929163434.0980925s1998 ec b 001 0 spa  a9978842373 aDO-SdBNPbspacLCdBNPHU a324.6bG857e1 aGrijalva, Agustin.93171410aElecciones y representación política /cAgustín Grijalva Jeménez. aQuito :bCorporación Editora Nacional,c1998. a181 p. ;c21 cm.1 aBiblioteca de Ciencias Sociales,vv. 48 aReferencias bibliográficas p. [177]-181. 4aEleccioneszEcuador.931715 4aGobierno representativozEcuador931716 0aBiblioteca de Ciencias Sociales,vv. 48918539 aCatalogación por copia / LC aBNGR 001052708MOaGRbGRcCTd2009-12-02iLF1l0o324.6 G857ep14016-10r2020-06-25w2020-06-25y2ZPréstamo interno c13620d13620